| 000 | 00767nam a2200241Ia 4500 | ||
|---|---|---|---|
| 003 | GCL | ||
| 008 | 140319s9999 xx 000 0 ara d | ||
| 040 |
_aGCL / _cGCL |
||
| 082 | 0 | 4 |
_a341.5 _bك ا |
| 100 | 1 | _aاحمد خليفة | |
| 245 | 1 | 0 |
_aالانتقال الى الحكم الذاتى الفلسطينى / _cاحمد خليفة |
| 700 | 1 | _aليش، ان موسلى | |
| 700 | 1 | _aنهلة الخطيب | |
| 260 |
_a[S.N] : _bمؤسسة الدراسات الفلسطينية ، _c1993 |
||
| 300 | _a203 ص | ||
| 490 | _a | ||
| 650 | 0 | 4 | _aالنزاع العربى الاسرائيلى |
| 650 | 0 | 4 | _aفلسطين |
| 650 | 0 | 4 | _aالحكم الذاتى |
| 650 | 0 | 4 | _aقضية فلسطين |
| 650 | 0 | 4 | _aحق تقرير المصير |
| 942 |
_2ddc _cBK |
||
| 999 |
_c36271 _d36271 |
||